000 00196 a2200097 4500
020 _a9780874835519
041 _aeng
100 _aLamo- Jimenez, mario
245 _aThe Emerald Lizard
942 _cBK
999 _c11607
_d11607